Rethinking Construction Demonstrations report (Record no. 73390)

MARC details
000 -LEADER
fixed length control field 00945cam a2200193 4500
001 - CONTROL NUMBER
control field WB3934-05
008 - FIXED-LENGTH DATA ELEMENTS--GENERAL INFORMATION
fixed length control field 030911n2003 000 0 eng u
035 ## - SYSTEM CONTROL NUMBER
System control number (Sirsi) u123559
245 ## - TITLE STATEMENT
Title Rethinking Construction Demonstrations report
260 ## - PUBLICATION, DISTRIBUTION, ETC.
Date of publication, distribution, etc. 2003
490 ## - SERIES STATEMENT
Series statement Planning (for the Natural and Built Environment)
Volume/sequential designation 29 August 2003, 4 (1)
520 ## - SUMMARY, ETC.
Summary, etc. The "Demonstrations report" published by Rethinking Construction encourages the industry to work within sustainable principles, and with more respect for employees. Purports to show that working within these boundaries leads to less impact on the environment and to higher levels of customer satisfaction. http://www.rethinkingconstruction.org/documents/Demo%20Report%20July%2003%20THE%20Final.pdf
590 ## - LOCAL NOTE (RLIN)
Local note WB
650 ## - SUBJECT ADDED ENTRY--TOPICAL TERM
Topical term or geographic name entry element Sustainability
9 (RLIN) 6271
650 ## - SUBJECT ADDED ENTRY--TOPICAL TERM
Topical term or geographic name entry element STANDARDS
650 ## - SUBJECT ADDED ENTRY--TOPICAL TERM
Topical term or geographic name entry element CONSTRUCTION PROCESS
690 ## - LOCAL SUBJECT ADDED ENTRY--TOPICAL TERM (OCLC, RLIN)
Topical term or geographic name as entry element BUILT ENVIRONMENT-SUSTAINABLE CONSTRUCTION
942 ## - ADDED ENTRY ELEMENTS (KOHA)
Suppress in OPAC 0
Holdings
Withdrawn status Lost status Source of classification or shelving scheme Damaged status Not for loan Home library Current library Shelving location Date acquired Total Checkouts Full call number Barcode Date last seen Copy number Price effective from Koha item type
    Dewey Decimal Classification     London London News article 11/09/2003   WB3934-05 123559-1001 06/08/2019 1 06/08/2019 News article